<?xml version="1.0" encoding="UTF-8"?>
<marc:record xmlns:marc="http://www.loc.gov/MARC21/slim">
   <marc:leader>00000nam a2200000 a 4500</marc:leader>
   <marc:datafield ind1="1" ind2=" " tag="100">
      <marc:subfield code="a">Green, John</marc:subfield>
      <marc:subfield code="4">aut</marc:subfield>
      <marc:subfield code="e">Verfasser/-in</marc:subfield>
   </marc:datafield>
   <marc:datafield ind1=" " ind2=" " tag="653">
      <marc:subfield code="a">Reise</marc:subfield>
   </marc:datafield>
   <marc:datafield ind1="0" ind2="0" tag="245">
      <marc:subfield code="a">Schlaft gut, ihr fiesen Gedanken</marc:subfield>
   </marc:datafield>
   <marc:datafield ind1="0" ind2="0" tag="245">
      <marc:subfield code="c">John Green</marc:subfield>
   </marc:datafield>
   <marc:datafield ind1=" " ind2="1" tag="264">
      <marc:subfield code="a">München</marc:subfield>
      <marc:subfield code="b">Hanser</marc:subfield>
      <marc:subfield code="c">2017</marc:subfield>
   </marc:datafield>
   <marc:datafield ind1=" " ind2=" " tag="250">
      <marc:subfield code="a">1. Auflage</marc:subfield>
   </marc:datafield>
   <marc:datafield ind1="1" ind2=" " tag="520">
      <marc:subfield code="a">Die 16-jährige Aza Holmes hatte ganz sicher nicht vor, sich an der Suche nach dem verschwundenen Milliardär Russell Pickett zu beteiligen. Sie hat genug mit ihren eigenen Sorgen und Ängsten zu kämpfen, die ihre Gedankenwelt zwanghaft beherrschen. Doch als eine Hunderttausend-Dollar-Belohnung auf dem Spiel steht und ihre furchtlose beste Freundin Daisy es kaum erwarten kann, das Geheimnis um Pickett aufzuklären, macht Aza mit. Sie versucht Mut zu beweisen und überwindet durch Daisy nicht nur kleine Hindernisse, sondern auch große Gegensätze, die sie von anderen Menschen trennen. Für Aza wird es ein großes Abenteuer und eine Reise ins Zentrum ihrer Gedankenspirale, der sie zu entkommen versucht.</marc:subfield>
   </marc:datafield>
   <marc:datafield ind1=" " ind2=" " tag="020">
      <marc:subfield code="a">9783446259034</marc:subfield>
      <marc:subfield code="9">9783446259034</marc:subfield>
   </marc:datafield>
   <marc:datafield ind1=" " ind2=" " tag="041">
      <marc:subfield code="a">ger</marc:subfield>
   </marc:datafield>
   <marc:datafield ind1="1" ind2=" " tag="521">
      <marc:subfield code="a">0</marc:subfield>
   </marc:datafield>
   <marc:datafield ind1=" " ind2=" " tag="300">
      <marc:subfield code="a">288 Seiten</marc:subfield>
   </marc:datafield>
</marc:record>
